000
00328nam a2200145Ia 4500
008
230917s9999||||xx |||||||||||||| ||und||
040
_e
226993
_a
MAIN
041
_a
English
082
_a
155.5 S 41 P
100
_a
Sujata
245
0
_a
Parenting stress,home environment.
260
_c
2014
300
_a
96 p.
942
_c
TH
999
_c
126483
_d
126483